Представление документа в формате RUSMARC

ПолеНазваниеЗначение
  Тип записи a
  Библиографический уровень s
001 Контрольный номер 366475
005 Дата корректировки 20241102152531.9
035 Другие системные номера #0
a Идентификатор записи UA05001110#366475
101 Язык документа 0#
a Язык текста rus
200 Заглавие и сведения об ответственности 1#
a Заглавие Экономические законы и эффективное использование экономического потенциала развитого социализма
f Первые сведения об ответственности [редкол. вып.: И. С. Ступницкий и др.]
v Обозначение тома Вып 179
210 Выходные данные __
d Дата издания 1985
215 Физическое описание __
a Объем 127, [2] с.
461 Уровень набора __
1 200
a Вопросы политической экономии
1 200
e респ. межведомств. науч. сб.
1 200
f М-во высш. и сред. специального образования УССР, Киев. гос. ун-т им. Т. Г. Шевченко
1 200
1 210
a К.
c Вища шк. Изд-во при Киев. ун-те
d 1965 -
1 300
a Сб. основан в 1965 г.
606 Тематические рубрики ##
a Основная рубрика Экономическая теория
j Формальный подзаголовок Научные издания. Сборники научных трудов
x Основная подрубрика Политическая экономия
610 Ключевые слова 1#
a Ключевые слова Политическая экономия
610 Ключевые слова 1#
a Ключевые слова Экономические законы
610 Ключевые слова 1#
a Ключевые слова Экономический потенциал
610 Ключевые слова 1#
a Ключевые слова Развитой социализм
610 Ключевые слова 1#
a Ключевые слова Производственные отношения
610 Ключевые слова 1#
a Ключевые слова Производственные силы
610 Ключевые слова 1#
a Ключевые слова Сборники научных трудов
686 Индексы других классификаций __
a Классификационный индекс У01я54
2 Код системы rubbk
686 Индексы других классификаций __
a Классификационный индекс У011.7я54
2 Код системы rubbk
702 Вторичная интеллектуальная ответственность #0
a Фамилия Ступницкий
b Имя И. С.
c Титул (звания) отв. ред.
4 Код отношения 651
702 Вторичная интеллектуальная ответственность #0
a Фамилия Черненко
b Имя М. С.
c Титул (звания) ред.
4 Код отношения 340
702 Вторичная интеллектуальная ответственность #0
a Фамилия Литвицкий
b Имя В. А.
c Титул (звания) ред.
4 Код отношения 340
702 Вторичная интеллектуальная ответственность #0
a Фамилия Буян
b Имя И. В.
c Титул (звания) ред.
4 Код отношения 340
702 Вторичная интеллектуальная ответственность #0
a Фамилия Воротина
b Имя Л. И.
c Титул (звания) ред.
4 Код отношения 340
801 Источник записи #0
a Страна ua
b Организация Бібліотека ДонНУЕТ
c Дата составления 21.02.2013
852 Данные о местонахождении __
i Авторский знак В74
901 Тип документа __
w Контрольный № источника 365182
t Тип документа s